000 00418nam a22001697a 4500
003 CEME
005 20210628203553.0
008 210201b xxu||||| |||| 00| 0 eng d
040 _c.
082 _a891.4393 TAR
100 _a Tariq Ismail Sagar
_99439
245 _aJasoos kaisay banta hay
260 _aLAHORE
_bSAGAR PUBLICATIONS
_c2000
300 _a443P
650 _aURDU ADAB-NOVEL
_920918
942 _cBK
_2ddc
999 _c574291
_d574291